Stock Investor : CD / (Record no. 9932)
[ view plain ]
| 000 -LEADER | |
|---|---|
| fixed length control field | 01567nac a22002771u 4500 |
| 008 - FIXED-LENGTH DATA ELEMENTS--GENERAL INFORMATION | |
| fixed length control field | 150901b xxu||||| |||| 00| 0 eng d |
| 010 ## - LIBRARY OF CONGRESS CONTROL NUMBER | |
| LC control number | 2007010455 |
| 035 ## - SYSTEM CONTROL NUMBER | |
| System control number | (OCoLC)ocm86109860 |
| 035 ## - SYSTEM CONTROL NUMBER | |
| System control number | (OCoLC)86109860 |
| 082 00 - DEWEY DECIMAL CLASSIFICATION NUMBER | |
| Classification number | 332.632201 |
| Item number | STO |
| 100 ## - MAIN ENTRY--PERSONAL NAME | |
| Personal name | 20080729 |
| 245 14 - TITLE STATEMENT | |
| Title | Stock Investor : CD / |
| 260 ## - PUBLICATION, DISTRIBUTION, ETC. (IMPRINT) | |
| Place of publication, distribution, etc | New York : |
| Name of publisher, distributor, etc | AAII/American Association of Individual Investors,1997. |
| Date of publication, distribution, etc | c1997. |
| 300 ## - PHYSICAL DESCRIPTION | |
| Extent | 1 CD-ROM (4 3/4 in.). |
| 500 ## - GENERAL NOTE | |
| General note | Audiovisuals. |
| 500 ## - GENERAL NOTE | |
| General note | Distributer: Baccah. |
| 505 0# - FORMATTED CONTENTS NOTE | |
| Formatted contents note | Introduction : The basic dollars and cents problem : overcoming the numbers -- Rates of return on investment : what goes in, what comes out -- Returns on capital : putting cash to work -- Leverage and risk analysis : maximizing other people's money -- Long-term trends : patience rewarded -- Core earnings and net worth adjustments : making the numbers real -- Fundamentals : balance sheet tests you need to know -- Fundamentals : operating statement tests you need to know -- Technicals : price and volume calculations -- Combined testing : merging price and financial tests -- Taxation of investments : Uncle Sam's share. |
| 511 ## - PARTICIPANT OR PERFORMER NOTE | |
| Participant or performer note | Catalogued by: Sara. |
| 650 #0 - SUBJECT ADDED ENTRY--TOPICAL TERM | |
| Topical term or geographic name as entry element | Investments. |
| General subdivision | Mathematics. |
| Source of heading or term | BUEsh |
| 650 #0 - SUBJECT ADDED ENTRY--TOPICAL TERM | |
| Topical term or geographic name as entry element | Investment analysis. |
| General subdivision | Mathematics. |
| Source of heading or term | BUEsh |
| 9 (RLIN) | 3424 |
| 650 #0 - SUBJECT ADDED ENTRY--TOPICAL TERM | |
| Topical term or geographic name as entry element | Business mathematics. |
| Source of heading or term | BUEsh |
| 651 ## - SUBJECT ADDED ENTRY--GEOGRAPHIC NAME | |
| Source of heading or term | BUEsh |
| 710 ## - ADDED ENTRY--CORPORATE NAME | |
| Corporate name or jurisdiction name as entry element | American Association Individual Investors. |
| 856 41 - ELECTRONIC LOCATION AND ACCESS | |
| Materials specified | Table of contents only |
| Uniform Resource Identifier | <a href="http://www.loc.gov/catdir/toc/ecip0713/2007010455.html">http://www.loc.gov/catdir/toc/ecip0713/2007010455.html</a> |
| 942 ## - ADDED ENTRY ELEMENTS (KOHA) | |
| Item type | |
| Call number prefix | 332.632201STO |
| Source of classification or shelving scheme | Dewey Decimal Classification |
| Withdrawn status | Item status | Source of classification or shelving scheme | Damaged status | Not for loan | Home library | Current library | Shelving location | Date acquired | Source of acquisition | Total Checkouts | Full call number | Barcode | Date last seen | Koha item type | Vendor |
|---|---|---|---|---|---|---|---|---|---|---|---|---|---|---|---|
| Dewey Decimal Classification | Central Library | Central Library | First floor | 18/06/2008 | Purchase | 332.632201 STO | 000012261 | 24/08/2022 | CD | DVD - With book | ||||||
| Dewey Decimal Classification | Central Library | Central Library | First floor | 18/06/2008 | Purchase | 332.632201 STO | 000012262 | 24/08/2022 | CD | DVD - With book | ||||||
| Dewey Decimal Classification | Central Library | Central Library | First floor | 04/11/2009 | 332.632201 STO | 000018843 | 24/08/2022 | CD | DVD - With book |